000
00250nam a22001217a 4500
999
_c
13235
_d
13235
020
_a
9789696375449
082
_a
HM22 P13
100
_a
J J Baloch
245
_a
Sociology
260
_a
Pakistan
_b
Paramount
_c
2019
300
_a
459 pages
942
_c
BK